=LDR 00000nam 2200000 4500 =001 INLIS000000000036039 =005 20200505103049 =035 ##$$a 0010-061300000036039 =008 200505################g##########0#ind## =041 ##$$a ind =082 ##$$a 2x4 =090 ##$$a 2x4, Jau m =100 ##$$a Jauhari, Ahmad =245 1#$$a Menghalalkan yang haram mengharamkan yang halal : $b Tinjauan atas toleransi hukum islam /$c H. Ahmad Djauhari =260 ##$$a Surabaya :$b Putra Pelajar,$c 2004 =300 ##$$a ix, 208 hlm. ; $c 21 x 13 cm. =650 #4$$a Halal - Haram =850 ##$$a NBPNMAT =084 ##$$a 2x4 JAU m =250 ##$$a Cet. 1 =990 ##$$a 20800617 =990 ##$$a 20800615 =990 ##$$a 20800618 =990 ##$$a 20800616 =990 ##$$a 20800615 =990 ##$$a 20800617 =990 ##$$a 20800618 =990 ##$$a 20800616